Energie : Taschenlexikon
Guardado en:
| Formato: | Libro |
|---|---|
| Lenguaje: | alemán |
| Publicado: |
Lipsko :
VEB Bibliographisches Institut,
1981
|
| Etiquetas: |
Sin Etiquetas, Sea el primero en etiquetar este registro!
|
MARC
| LEADER | 00000nam a22000003a 4500 | ||
|---|---|---|---|
| 001 | stu163049 | ||
| 005 | 20150408182545.6 | ||
| 008 | 080507s1981----ge------------------ger-d | ||
| 040 | |a STU |b slo | ||
| 041 | 0 | |a ger | |
| 044 | |a ge | ||
| 080 | |a 537.36 | ||
| 245 | |a Energie : |b Taschenlexikon | ||
| 260 | |a Lipsko : |b VEB Bibliographisches Institut, |c 1981 | ||
| 300 | |a 346 s | ||
| 996 | |c V*21877/O-8708 |l VV18 |s P |a 0 |w stu163049_0001 | ||